000 01261nam a22002177a 4500
005 20260122145522.0
008 260122b |||||||| |||| 00| 0 eng d
020 _a9780143457121
040 _cAL
041 _aEnglish
082 _a658.421
_bNATD
100 _aDhruv Nath
_9252227
245 _aDream founder
_b: creating a successful start up
260 _aHaryana
_bPenguin business
_c2022
300 _axiv,236p.
_bPB
_c22x13cm.
365 _aBOM5-7455949
_b₹209.64
_c
_d₹209.64
_f14-01-2026
520 _aThe DREAM Founder is an essential entrepreneurship guide for early-stage Indian start-ups. It also has interviews with some of the most successful entrepreneurs in the world of start-ups, such as Sanjeev Bikhchandani of Naukri.com, Deepinder Goyal of Zomato, Meena Ganesh of Portea Medical and Dr Annurag Batra of Businessworld. It includes start-ups that have succeeded and also those who have failed, as you can learn so much from failures. Dhruv Nath shares how you can become a DREAM Founder with these simple steps: · Dream big · Right team · Execution · Attitude · Make opportunities out of crises
650 _aEntrepreneurship and Start-Ups
_9252228
650 _aFounder Mindset and Skills
_9252229
942 _2ddc
_cBK
999 _c240808
_d240808